banner koha

Atividade enzimática de fungos endofíticos e efeito na promoção do crescimento de mudas de maracujazeiro-amarelo (Registro n. 230562)

MARC details
000 -LÍDER
campo de controle de tamanho fixo 00863nas a2200289 4500
001 - NÚMERO DE CONTROLE
campo de controle BR2013006623
003 - IDENTIFICADOR DO NÚMERO DE CONTROLE
campo de controle BR-BrBNA
005 - DATA E HORÁRIO DA ÚLTIMA TRANSAÇÃO
campo de controle 20231205122804.0
007 - CAMPO FIXO DE DESCRIÇÃO FÍSICA--INFORMAÇÃO GERAL
campo de controle de tamanho fixo ta
008 - CAMPO DE DADOS FIXOS--INFORMAÇÃO GERAL
campo de controle de tamanho fixo 230509b bl.|||p| |||| 00| 00por d
040 ## - FONTE DA CATALOGAÇÃO
Instituição da catalogação original BR-BrBNA
Idioma da catalogação por
Instituição que transcreveu o registro Biblioteca Nacional de Agricultura
041 ## - CÓDIGO DE IDIOMA
Código do idioma do texto/trilha sonora ou título diferente (Pt)
072 ## - CÓDIGO DE CATEGORIA DE ASSUNTO
Código de Categoria de Assunto F62
100 1# - ENTRADA PRINCIPAL--NOME PESSOAL
Nome pessoal Luz, J.S.
100 1# - ENTRADA PRINCIPAL--NOME PESSOAL
Nome pessoal Silva, R.L. de O.
100 1# - ENTRADA PRINCIPAL--NOME PESSOAL
Nome pessoal Silveira, E.B. da
100 1# - ENTRADA PRINCIPAL--NOME PESSOAL
Nome pessoal Cavalcante, U.M.T.
245 1# - TÍTULO
Título Atividade enzimática de fungos endofíticos e efeito na promoção do crescimento de mudas de maracujazeiro-amarelo
650 ## - ASSUNTO--TERMO TÓPICO
Cabeçalho tópico ou nome geográfico MARACUJÁ
650 ## - ASSUNTO--TERMO TÓPICO
Cabeçalho tópico ou nome geográfico MUDA
650 ## - ASSUNTO--TERMO TÓPICO
Cabeçalho tópico ou nome geográfico FUNGO
650 ## - ASSUNTO--TERMO TÓPICO
Cabeçalho tópico ou nome geográfico CRESCIMENTO
650 ## - ASSUNTO--TERMO TÓPICO
Cabeçalho tópico ou nome geográfico ENZIMA
773 0# - ENTRADA ANALÍTICA
Título Caatinga (Brazil)
ISSN - International Standard Serial Number ISSN 0100-316X
Partes relacionadas (Abr-Jun 2006), v. 19(2) p. 128-134
Número de controle do registro BR2013006623
909 ## -
-- 202311
-- Lúcia
-- 55
-- Lúcia Elande
942 ## - ELEMENTOS DE ENTRADA ADICIONADOS (KOHA)
Fonte da classificação ou esquema de arquivamento na estante Classificação AGRIS
Ocultar no OPAC Não
Tipo de material Koha Analítica
Exemplares
Situação do descarte Fonte da classificação ou esquema de arquivamento na estante Situação física Não pode ser emprestado Biblioteca de origem Biblioteca atual Localização na estante Enumeração do periódico / cronologia Total de empréstimos Data de último acesso Número do exemplar Tipo de material Koha Fonte de aquisição
  Classificação AGRIS   Consulta local Biblioteca Nacional de Agricultura - Binagri Biblioteca Nacional de Agricultura - Binagri   (Abr-Jun 2006), v. 19(2) p. 128-134   29/11/2023 01 Periódicos Portaria Interministerial nº 164/94

BINAGRI

Telefone: (61)3218-2567/2388/3357/2097 - binagri@agro.gov.br

Ministério da Agricultura e Pecuária , Esplanada dos Ministérios, Bloco D, Anexo B, Brasília/DF, CEP: 70.043-900